Quizzes
Events
Quiz Creation
Community
Videos
Private Events
Remove Ads
Sign In
Join for FREE
Feedback
Dark Mode
Quiz Categories
Sports
Geography
Music
Movies
Television
Just For Fun
Miscellaneous
History
Literature
Language
Science
Gaming
Entertainment
Religion
Holiday
For Kids
Quiz Lab
Recent
Popular Today
Quiz Kudos Today
Editor Picks
Curator Picks
Quizzes by...
Day
Popularity
Type
Ratings
Length
Year
Community
Subscriptions
Recent Discussions
Orange Saloon
Badges
Playlists
Quests
Create
Leaderboards
Showdown
Live 5
Trivia Bingo
Activity
Puzzle Library
Sporcle Events
Private Events
Virtual Trivia
Globe League
Become a Host
Pub Owners
SporcleCon
Opinionation
Our Games
Videos
Blog
Mobile Apps
Partnerships
Remove Ads and Go Orange
Feedback
Sports
Athletes
MLB
NBA
NHL
NFL
Soccer
Sports Teams
WWE
NCAA
Football
Premier League
Basketball
Baseball
Hockey
Golf
Tennis
Cricket
Rugby
Auto Racing
Olympics
World Cup
Sports
Athletes
MLB
NBA
NHL
NFL
Soccer
Sports Teams
WWE
NCAA
Football
Premier League
Basketball
Baseball
Hockey
Golf
Tennis
Cricket
Rugby
Auto Racing
Olympics
World Cup
Random Quiz
Search Sporcle
×
Quiz Lab
Quiz Lab
Sports
Saints
Type in answers that appear in a list
Type in answers that appear in a list
Classic
Best Score? Go Orange.
Falcons-Saints Rivarly Stats
Can you call the history of the Falcons-Saints Rivalry
By
yluxdaser07
7m
10 Questions
12 Plays
12 Plays
12 Plays
Comments
Comments
Give Quiz Kudos
Give Quiz Kudos
-
- Ratings
hide this ad
More Info
Replay
Link that replays current quiz
Next Quiz
Link to next quiz in quiz playlist
You Got
0%
They Got
Avg Score
45%
Avg Friend Score
Upgrade to see
Score Distribution
Jump to the score distribution portion of the page
Score
0/10
Timer
07:00
0
Plays Today
Falcons and Saints rivalry started on No
Answer
% Correct
How Many Times Did Each Team Play Each Other In The Postseason(Playoffs)?
1
91.7%
How Many Superbowl's Do Both Of These Teams Have?
1
91.7%
When Did This Rivalry Start?
1967
50%
When Was The First Ever Game Vs The Falcons And Saints?
11
50%
What Is The Longest Winning Streak Between This Series.
10
41.7%
How Many Overtime Games Have There Been?
6
41.7%
How Many Monday Night Football Games Have There Been?
6
41.7%
How Many Times Did The Teams Matchup Against Each Other
89
33.3%
What Is The All Time Series? (Team,Win,Loss)
ATL 47-43
8.3%
What Was The Largest Win In This Series
ATL 62-7
8.3%
Quiz Playlist
Details
Report
Send in Message
Add To Playlist
More Info:
This rivalry started on November 20th,1967. Let's see if people can name what happened during this rivalry series.
Classic:
Type in answers that appear in a list
Last Updated: Feb 16, 2017
Quiz Scoreboard
CHALLENGE
Sign Up to Join the Scoreboard
Show All
Scores
Hide
Comments
May contain spoilers
Recently Published
9x9 Crossword: Cartoon Network
by jackfrog10
Miscellaneous
3m
College Basketball Coaching Resumes
by pancakes188
Sports
9m
Billboard Blitz: Fleetwood Mac
by CooCooCachoo
Music
15s
More to Explore
Quiz From the Vault
Featured Blog Post
Where Did the Easter Bunny Come From?
hide this ad
You Might Also Like...
Tags
Atlanta Falcons
Rivalry Opponent
Saints
Today's Top Quizzes in Sports
Browse Sports
hide this ad
Today's Top Quizzes in Saints
Browse Saints
Top Contributed Quizzes in Sports
1
2022 World Cup Stars
2
Les meilleurs buteurs des matchs entre le PSG et l’OM
3
FIFA Club World Cup Champions
4
Les entraîneurs de l'OM et du PSG au 21e siècle
5
Criteria MLB: Left Handed Sluggers
6
AFC Teams Reveal (Wrong Answers Minefield)
7
2023 MLB Unique Player Accomplishments
8
5-to-1: FBS Animal Nicknames
9
Players with Multiple 50 Home Run Seasons
10
5-to-1: UK Sports Teams
Explore More
Trending Topics
Kpop
Disney
Marvel
Crossword
Harry Potter
NBA
Anime
The Office
NFL
Puzzle
Soccer
Pokémon
Country
WWE
Song
hide this ad
More By:
yluxdaser07
Quiz
Plays
Rating
Category
Featured
Created
Falcons-Saints Rivarly
12
Sports
May 2, 2014
Go to Creator's Profile
Score Distribution
Quiz Creator Spotlight
yluxdaser07
Follow
Send a Message
Quizzes Created
-
Created Quiz Play Count
-
More By This Creator
Popular Quizzes Today
1
Find the US States - No Outlines Minefield
2
Find the Countries of Europe - No Outlines Minefield
3
The Countries of the World
4
Find the US States
5
Risky Map Clicking: Biggest States A-Z
6
US States
7
Popular People in 1961
8
Movies - When Are They Set?
More Sports Quizzes
NFL MVP Voting (2013)
Quiz Lab
Trending Quizzes
Risky Map Clicking: Least Populous States A-Z
1-10 Letter G Words
Risky Map Clicking: Next State Alphabetically
Adjectives in 80s TV Shows
Risky Map Clicking: Biggest States A-Z
Recently Updated
Leaping Animals
pecheneg
Reality TV Shows (A-Z)
bhenderson79
Rickey Henderson's Hall of Fame Teammates
pecheneg
Champions League XIs: Arsenal
pecheneg
Quick Pick: Celebrities in WWE's Hall of Fame
aduchscher
A-Z Keypad Blitz II
pecheneg
Multiple Oscar Actors
pecheneg
Mystery Phrase Blitz: Oscar 'Best Actors'
pecheneg
F. Scott Fitzgerald Novels
LTH
Pick 3 Villains
ddd62291
Trending Topics
Disney
Harry Potter
Marvel
Crossword
NBA
Anime
Kpop
Country
Puzzle
Song
NFL
The Office
Soccer
WWE
Pokémon
Your Account Isn't Verified!
In order to create a playlist on Sporcle, you need to verify the email address you used during registration. Go to your
Sporcle Settings
to finish the process.
Report this User
Report this user for behavior that violates our
Community Guidelines
.
Details:
Send Report
Go to the Sporcle.com Mobile Site →
Comments